Statistiken für Alle Achterbahnen in Deutschland

Klicken Sie hier um das Quiz zu spielen!

Allgemein

  • Dieses Quiz wurde 65 mal gespielt
  • Das Durchschnittsergebnis liegt bei 50 aus 366

Antwortstatistiken

HintEröffnetFreizeitparkAntwort% Korrekt
30923.3.2002Europa ParkSilver Star
74%
33630.6.2016PhantasialandTaron
63%
4924.5.2006PhantasialandBlack Mamba
61%
23516.4.2011Heide Park ResortKrake
61%
16817.9.2020PhantasialandF.L.Y.
58%
14712.6.1997Europa ParkEuro Mir
53%
16729.3.2014Heide Park ResortFlug der Dämonen
53%
24328.4.2008Erlebnispark TripsdrillMammut
53%
22410.7.2013Erlebnispark TripsdrillKaracho
51%
534.4.2009Europa Parkblue fire Megacoaster
49%
2991985Europa ParkSchweizer Bobbahn
49%
31212.4.2014Holiday ParkSky Scream
49%
11311.5.1996PhantasialandColorado Adventure
47%
14918.6.2001Holiday ParkExpedition GeForce
47%
19426.6.2020Erlebnispark TripsdrillHals-über-Kopf
47%
27312.7.2000Europa ParkPoseidon
47%
1485.8.1989Europa ParkEurosat - CanCan Coaster
46%
36431.3.2012Europa ParkWodan Timbur Coaster
46%
3519.3.2005Europa ParkAtlantica SuperSplash
44%
26425.5.2006Europa ParkPegasus
44%
27630.6.2016PhantasialandRaik
44%
3001.7.2015Hansa-ParkSchwur des Kärnan
44%
36230.3.2002PhantasialandWinja's Fear
44%
36330.3.2002PhantasialandWinja's Force
44%
397.5.1999Movie Park GermanyBandit
42%
552001Bobbahn DonnstettenBobbahn
42%
541994Heide Park ResortBobbahn
42%
1669.4.2009Hansa-ParkFlucht von Novgorod
42%
31410/2004Skyline ParkSky Wheel
42%
34826.6.2020Erlebnispark TripsdrillVolldampf
42%
5607/2001MehliskopfBob-Bahn
40%
25904/1980Hansa-ParkNessie
40%
3407/2014Europa ParkArthur
39%
1161.4.1988PhantasialandCrazy Bats
39%
461983Heide Park ResortBig Loop
37%
13218.5.2019Freizeitpark PlohnDynamite
37%
17221.8.2011Bayern-ParkFreischütz
37%
1931998Erlebnispark TripsdrillG'sengte Sau
37%
25225.3.1999Europa ParkMatterhorn Blitz
37%
3391999Heide Park ResortToxic Garden
37%
3613.7.2016Europa ParkBa-a-a-Express
35%
11413.4.2001Heide Park ResortColossos - Kampf der Giganten
35%
12015.5.2007Heide Park ResortDesert Race
35%
1222002RitterRost - Magic Park VerdenDie! Wilde Maus
35%
1232007Serengeti-ParkDie! Wilde Maus
35%
3551999Taunus WunderlandWilde Maus
35%
3561971Holiday ParkWilde Maus
35%
3571995SpreeparkWilde Maus
35%
35816.4.2011Freizeit-Land GeiselwindWilde Maus
35%
3596.4.2012Freizeit-Land GeiselwindWilde Maus
35%
21991Rasti-LandAchterbahn
33%
11999Skyline ParkAchterbahn
33%
112010Tatzmania LöffingenAchterbahn
33%
92008TrampolineAchterbahn
33%
3-Erlebnispark Schloss ThurnAchterbahn
33%
172023Charles Knie’s Circus-LandAchterbahn
33%
42001Bayern-ParkAchterbahn
33%
51995-2002Kernie's FamilienparkAchterbahn
33%
162018FlippolinoAchterbahn
33%
1517.3.2018Ferienzentrum Schloss DankernAchterbahn
33%
61945-1946Zoo FrankfurtAchterbahn
33%
142014Tierpark EssehofAchterbahn
33%
711.2.2006Trampoline am SeeAchterbahn
33%
82006Nordsee Spielstadt WangerlandAchterbahn
33%
131979SpreeparkAchterbahn
33%
124.10.1969SpreeparkAchterbahn
33%
102008Mc-Play KinderlandAchterbahn
33%
261984Europa ParkAlpenexpress Enzian
33%
1921985Heide Park ResortGrottenblitz
32%
32714.6.2017Movie Park GermanyStar Trek: Operation Enterprise
32%
34418.6.2011Movie Park GermanyVan Helsing's Factory
32%
13710.4.2009Freizeitpark PlohnEl Toro
26%
21026.6.2010BelantisHuracan
26%
2781986Erlebnispark TripsdrillRasender Tausendfüßler
26%
3492024Europa ParkVoltron
25%
1181997Hansa-ParkCrazy Mine
23%
2441989Freizeit-Land GeiselwindMarienkäferbahn
23%
2461986Fort Fun AbenteuerlandMarienkäferbahn
23%
2471996Traumland auf der BärenhöhleMarienkäferbahn
23%
2451979Safariland StukenbrockMarienkäferbahn
23%
249-Freizeitpark KirchhorstMarienkäferbahn
23%
250≤ 1978GröverlandMarienkäferbahn
23%
2481979Movie Park GermanyMarienkäferbahn
23%
1101.5.2015Freizeit-Land GeiselwindCobra
21%
11124.3.2018Freizeit-Land GeiselwindCobra
21%
1602002Legoland DeutschlandFeuerdrache
21%
1842000Movie Park GermanyGhost Chasers
21%
21324.5.2008Heide Park ResortIndy-Blitz
21%
3136.7.2013Skyline ParkSky Spin
21%
33421.7.2018Holiday ParkTabalugas Achterbahn
21%
35413.10.2018Schwaben ParkWilde Hilde
21%
22021.4.2018Karls Erlebnis-Dorf ElstalK2
19%
29415.4.2011Hansa-ParkSchlange von Midgard
19%
20429.3.2019Serengeti-ParkHöllenblitz
18%
20915.8.2020Schwaben ParkHummel Brummel
18%
25524.5.2015Freizeitpark PlohnMiniwah
18%
2881993Hansa-ParkRoyal Scotsman
18%
33023.6.2021Movie Park GermanyStudio Tour
18%
592015Trampolino Familien- und FreizeitparkBoomerang
16%
1295.4.2003BelantisDrachenritt
16%
1501995EifelparkFamilien-Achterbahn
16%
1511992Erse Park UetzeFamilienachterbahn
16%
1521987Schloß Beck FreizeitparkFamilienachterbahn
16%
1531995Tolk SchauFamilien-Achterbahn
16%
15413.8.2010Rügen ParkFamilienachterbahn
16%
2156.4.2001Movie Park GermanyIron Claw
16%
2277.4.2017Hansa-ParkKleine Zar
16%
1124.7.2015BelantisCobra des Amun Ra
14%
1192002Legoland DeutschlandDas Große LEGO Rennen
14%
12806/2003Legoland DeutschlandDrachenjagd
14%
17018.5.2010Schwaben ParkForce One
14%
1741995Bayern-ParkFroschbahn
14%
179≥ 1913LunaparkGebirgsbahn
14%
180-H. H. ParkGebirgsbahn
14%
1781909LunaparkGebirgsbahn
14%
1771975PhantasialandGebirgsbahn
14%
1861998Steinwasen ParkGletscherblitz
14%
1971.4.2004Wild- und Freizeitpark Klotten/CochemHeiße Fahrt
14%
21903/2007Movie Park GermanyJimmy Neutron's Atomic Flyer
14%
3106.6.2017Skyline ParkSky Dragster
14%
212018Tatzmania LöffingenAfrican Spin
12%
371996Movie Park GermanyBackyardigans: Mission to Mars
12%
5006/1987Movie Park GermanyBlauer Enzian
12%
1012017Affen- und VogelparkButterfly
12%
841989Tolk SchauButterfly
12%
881994Familienpark HerneButterfly
12%
9622.2.2014Trampoline TrierButterfly
12%
9506/2010Mc-Play KinderlandButterfly
12%
942010Wildpark Schwarze BergeButterfly
12%
932007Tierpark und Freizeitpark GermendorfButterfly
12%
922007MinidorfButterfly
12%
912007Technik Museum SinsheimButterfly
12%
902006Erlebnistierpark MemlebenButterfly
12%
891996Tierpark NadermannButterfly
12%
8704/2006Technik Museum SpeyerButterfly
12%
761993Erlebnispark Schloss ThurnButterfly
12%
862005Trampoline am SeeButterfly
12%
851992Gulliver-WeltButterfly
12%
831998Tolk SchauButterfly
12%
821995Erlebnispark ZiegenhagenButterfly
12%
7524.6.2006SonnenlandparkButterfly
12%
811992Wild- und Freizeitpark WillingenButterfly
12%
801990Erse Park UetzeButterfly
12%
791998Freizeitpark LochmühleButterfly
12%
781996Skyline ParkButterfly
12%
972015Rocolinos KinderweltButterfly
12%
982014Spielpark YabadooButterfly
12%
992016Tier- und Freizeitpark Gut EversumButterfly
12%
661991Pfiff-ErlebnisparkButterfly
12%
10521.5.2022Erlebnispark Schloss ThurnButterfly
12%
631998Freizeitpark LochmühleButterfly
12%
1042019FreischützButterfly
12%
1032020Elbe-Freizeitland KönigsteinButterfly
12%
642000Erlebniswelt Seilbahnen ThaleButterfly
12%
10004/2016Jackelino KinderlandButterfly
12%
651995Märchenwald SaalburgButterfly
12%
10230.5.2020Affen- und VogelparkButterfly
12%
672000Rügen ParkButterfly
12%
681988Wildpark Schwarze BergeButterfly
12%
691996Skyline ParkButterfly
12%
701989Salzberger ErlebnisparkButterfly
12%
711991Affen- und VogelparkButterfly
12%
7208/2000Sport+Freizeitzentrum HohenbogenButterfly
12%
73≤ 2004Familien ParkButterfly
12%
741992Tier-Erlebnispark BellButterfly
12%
771993Bayern-ParkButterfly
12%
1211996Fort Fun AbenteuerlandDevil's Mine
12%
13014.4.2017Freizeitpark PlohnDrachenwirbel
12%
16128.4.2023Bayern-ParkFirleFranz
12%
1882.8.2019Tatzmania LöffingenGold Rusher
12%
1992003Erlebniswelt Seilbahnen ThaleHexenbesen
12%
2002007Ski- und Rodelarena WasserkuppeHexenbesen
12%
20109/2018Erlebnisfelsen PottensteinHexenbesen
12%
21119.4.2014BelantisHuracanito
12%
27121.4.2011Freizeitpark PlohnPlohseidon
12%
3112001Skyline ParkSky Rider
12%
3191999Wipperia FunparkSommerrodelbahn
12%
3182003Greuther KellerSommerrodelbahn
12%
3172006Sommerrodelbahn GutachSommerrodelbahn
12%
3162008Alpincenter BottropSommerrodelbahn
12%
3152005Sommerrodelbahn ErbeskopfSommer-Rodelbahn
12%
32106/1981Fort Fun AbenteuerlandSpeedSnake FREE
12%
1452025Karls Erlebnis-Dorf LoxstedtErdbeer Raupenbahn
11%
1442025Karls Erlebnis-Dorf PlechErdbeer Raupenbahn
11%
13930.5.2020Karls Erlebnis-Dorf KoserowErdbeer Raupenbahn
11%
13813.4.2019Karls Erlebnis-Dorf RövershagenErdbeer Raupenbahn
11%
14029.5.2020Karls Erlebnis-Dorf ZirkowErdbeer Raupenbahn
11%
14131.3.2023Karls Erlebnis-Dorf ElstalErdbeer Raupenbahn
11%
14222.3.2024Karls Erlebnis-Dorf DöbelnErdbeer Raupenbahn
11%
1432024Karls Erlebnis-Dorf OberhausenErdbeer Raupenbahn
11%
1652000Freizeit-Land GeiselwindFluch des Kraken
11%
22625.3.2017Skyline ParkKids Spin
11%
2741993Potts ParkPotts Blitz
11%
282013KolbensattelAlpine Coaster
9%
12713.4.2019Freizeit-Land GeiselwindDrachen Höhle
9%
2218.4.2017EifelparkKäpt'n Jack's Wilde Maus
9%
23625.5.2020Taunus WunderlandKuhddel Muuuhddel
9%
2606.7.2015Skyline ParkNostalgische Achterbahn
9%
2852002Rodelbahn PetersbergRodelbahn
9%
2841999Sommer-Rodelbahn BodenwerderRodelbahn
9%
35105/2024Traumland auf der BärenhöhleWichtelexpress
9%
3652024JaderparkZiegel-Blitz
9%
452024Skyline ParkBerg- und Tal Hetz
7%
1241998Erlebnispark Schloss ThurnDinolino’s VR-Ride
7%
1261998Tier- und Freizeitpark ThüleDrachen-Achterbahn
7%
16425.3.2023Skyline ParkFlotter Otto
7%
18506/2011Freizeitpark RuhpoldingGipfelstürmer
7%
1892023Serengeti-ParkGozimba
7%
20704/2019Rasti-LandHolta Di Polta
7%
2511983ChurpfalzparkMarienkäfer Hochbahn
7%
2701994Freizeit-Land GeiselwindPiraten Spinner
7%
28231.10.2013NürburgringRing Racer
7%
32430.6.2018ChurpfalzparkSpinning Coaster
7%
3331979Holiday ParkSuper Wirbel
7%
3405.5.2018Trampolino Familien- und FreizeitparkTrampolino-Coaster
7%
602003Brocken CoasterBrocken Coaster
5%
1331992Freizeitpark LochmühleEichhörnchenbahn
5%
1345.4.2014EifelparkEifel Blitz
5%
1562006Freizeitpark PlohnFamily Coaster
5%
1582023Charles Knie’s Circus-LandFamily Coaster
5%
1572024ChurpfalzparkFamily Coaster
5%
19122.6.2021Ravensburger SpielelandGraviTrax
5%
28312/2010Trampolino Familien- und FreizeitparkRing Renner
5%
3222001Karls Erlebnis-Dorf OberhausenSpeedy
5%
33510.4.2022Freizeit-Land GeiselwindTaka Waka
5%
36125.5.2020LandErlebnis JanßenWilli der Wurm
5%
241986Movie Park GermanyAlpenblitz
4%
25-Safariland StukenbrockAlpen Coaster
4%
331999AltmühlBOBAltmühlBOB
4%
405.9.2020Serengeti-ParkBatukai-Racer
4%
471989Movie Park GermanyBlack Hole
4%
4812.4.2014Freizeit-Land GeiselwindBlack Hole
4%
10628.4.2018Chiemgau CoasterChiemgau Coaster
4%
1352006EifelparkEifel-Coaster
4%
1901978PhantasialandGrand Canyon Bahn
4%
25325.3.2023Legoland DeutschlandMaximus - Der Flug des Wächters
4%
2651985Potts ParkPendelbahn
4%
2661998Erlebnispark SteinauPendelbahn
4%
2671987Tier- und Freizeitpark ThülePendelbahn
4%
2681985Potts ParkPendelbahn
4%
3011977Hansa-ParkSeeschlange
4%
32904/2022Rasti-LandStrohnado
4%
3421987Movie Park GermanyTraumlandbahn
4%
202022Freizeitpark LochmühleAdlerflug
2%
192022Freizeitpark LochmühleAdlerflug
2%
182020Funny-WorldAdlerflug
2%
381998Sommerrodelbahn GrafenauBärenbob
2%
512008BlombergbahnBlomberg-Blitz
2%
1258.4.2017Freizeit-Land GeiselwindDoggy Dog
2%
1621993Panorama ParkFlinker Fridolin
2%
1691981Safariland StukenbrockFlying Tiger
2%
1821926Lunapark FredenbaumGebirgsbahn 2
2%
1962004Hasenhorn RodelbahnHasenhorn Coaster
2%
2081996JaderparkHolzwurmachterbahn
2%
2142005Inselrodelbahn BergenInselrodelbahn Bergen
2%
2171970SpreeparkJet Star
2%
2181998Pfiff-ErlebnisparkJet Star
2%
2226.12.2019Karls Erlebnis-Dorf RövershagenKaffeekannen-Express
2%
2372010Kurpfalz ParkKurpfalz-Coaster
2%
2381979Freizeitpark KirchhorstLooping Star
2%
2421996Spielerei Rheda-WiedenbrückMäuseachterbahn
2%
28706/1982Panorama ParkRothaarblitz
2%
289-Welt-Etablissement Schloss WeißenseeRutschbahn
2%
29127.5.2020Serengeti-ParkSafari-Blitz-Kids
2%
2962019Tier- und Freizeitpark ThüleSchmetterling
2%
2951991Lütge LandSchmetterling
2%
3042012Rocolinos KinderweltSilber Mine
2%
3206.5.2018AltmühlBOBSpeed Bob
2%
325-SpreeparkSpreeblitz
2%
3452023Rasti-LandVerrücktwärts
2%
3502021Land & Leute Erlebnishof DithmarschenWattwurm
2%
36011/2007LollihopWilde Mini Maus
2%
222005Oberstdorf Kleinwalsertal BergbahnenAllgäu Coaster
0%
232000WurzelRudi's ErlebnisWeltAllwetterbobbahn
0%
27-SchliersbergalmAlpenroller
0%
292000GelenauAlpine-Coaster-Bahn
0%
302000Kinder- und Jugenderholung DittrichshütteAlpine Coaster Dittrichshütte
0%
312006Alpsee BergweltAlpsee Coaster
0%
3218.12.2021Alpspitzbahn NesselwangAlpspitz Coaster
0%
412007D'Rodelbahn St. EnglmarBayerwald-Coaster
0%
422006 - 2008Sommerrodelbahn AltenbergBergbauhunt
0%
441909Luna ParkBerg- und Talbahn
0%
43≤ 1918Luna ParkBerg- und Talbahn
0%
522014BlombergbahnBlombini Express
0%
572012ErlebnisBocksBergBocksBergBob
0%
582015Erlebniswelt Seilbahnen ThaleBoderitt
0%
611991Familienpark FuntasticoBumerang
0%
622003 - 2005Funny-WorldBumerang
0%
1071983Serengeti-ParkChura Racer
0%
1082013Steinwasen ParkCoasterbahn
0%
10913.8.2015Seilschwebebahnen am OchsenkopfCoaster Ochsenkopf
0%
11506/1996Movie Park GermanyCop Car Chase
0%
1173.8.2017Trampoline TrierCrazy Coaster
0%
1312003 - 2006Funhall MeringDschungel-Bahn
0%
1362003RitterRost - Magic Park VerdenEiserne Schlange
0%
1452008Erlebnis-Arena-RuhlaErlebnis-Rodelbahn Ruhla
0%
14629.3.2014Erlebnispark SteinauErli's Seifenkiste
0%
1552015Family ParadiseFamily Bob
0%
1592007Trampolino Familien- und FreizeitparkFamily Star
0%
16326.9.2008Trampolino Familien- und FreizeitparkFlotte Biene
0%
1712002Erlebnisfelsen PottensteinFrankenbob
0%
1732000FröschbrunnaFröschbrunna Coaster
0%
175-SpreeparkFun Express
0%
17619.12.2003Space CenterGalaxie Express
0%
1811912Lunapark FredenbaumGebirgsbahn 1
0%
183-Luna-ParkGebirgsszeneriebahn
0%
1872003 - 2005Funny-WorldGoldminen Express
0%
1952000Erlebniswelt Seilbahnen ThaleHarzbob
0%
19819.4.2019Skiliftkarussell WinterbergHerrlohBlitz
0%
2022017Tier- und Freizeitpark ThüleHilly-Billy-Race
0%
2031989Schwaben ParkHimalayabahn
0%
2053.7.2015EdelwiesHöllen Coaster
0%
20610.8.2010Holiday ParkHolly's Wilde Autofahrt
0%
2122006Mc-Play KinderlandIndiana Jones
0%
21608/2008JaudenJaudenhang Flitzer
0%
2231993Karls Erlebnis-Dorf PlechKansas City-Express
0%
2258.4.2017Potts ParkKiddy-Racer
0%
23228.4.2023Karls Erlebnis-Dorf RövershagenKnollis Mini-K2
0%
23428.4.2023Karls Erlebnis-Dorf ElstalKnollis Mini-K2
0%
23328.4.2023Karls Erlebnis-Dorf ElstalKnollis Mini-K2
0%
22828.4.2023Karls Erlebnis-Dorf KoserowKnollis Mini-K2
0%
2312024Karls Erlebnis-Dorf DöbelnKnollis Mini-K2
0%
23028.4.2023Karls Erlebnis-Dorf WarnsdorfKnollis Mini-K2
0%
22928.4.2023Karls Erlebnis-Dorf ZirkowKnollis Mini-K2
0%
23919.4.2014Louisiana LandLoop n' Loop
0%
2402013HolleshofLoren-Express
0%
24115.4.2022Tier- und Freizeitpark ThüleLost World
0%
254-SpreeparkMega Looping Bahn
0%
2562007Freizeitpark Monte KaolinoMonte Coaster
0%
2572010Freizeitsee TriolagoMoselbob
0%
25829.4.2017KienbergparkNatur-Bobbahn
0%
2611999Märchenwald im IsartalOachkatzl
0%
2622010Sommerrodelbahn Wald MichelbachOdenwaldbob
0%
26322.5.2008OedbergOedbergflitzer
0%
2692017Piratenland NeuwiedPirate Fly
0%
2728.7.2023Karls Erlebnis-Dorf ElstalPoggys Wolken-Express
0%
27522.2.2014Trampoline TrierRacing Coaster
0%
2772013Kid's InnRally
0%
2792003Schwaben ParkRaupen Express
0%
2812018Ski- und Rodelarena WasserkuppeRhönbob
0%
2801997Ski- und Rodelarena WasserkuppeRhönbob
0%
2861999Taunus WunderlandRodeo Ride
0%
29013.4.2019Potts ParkSäbelsaurus
0%
2927.7.2018Skiliftkarussell WinterbergSchanzen Wirbel
0%
2932010Scharmützel BobScharmützelbob
0%
2971989ChurpfalzparkSchmetterlings-Pendelbahn
0%
2982001AllwetterrodelbahnSchöne Aussicht
0%
30203/2014Trampolino Familien- und FreizeitparkSeifenkiste
0%
30304/2014JaderparkSeifenkiste
0%
3051997Skyline ParkSilberpfeil
0%
3062000Silbersee BobSilbersee Bob
0%
3072000Freizeitpark PlohnSilver Mine
0%
3081989Freizeit-Land GeiselwindSilverpony Express
0%
3232010 - 2011Trampoline am SeeSpeedy Coaster
0%
32608/2009Bayern-ParkStar-Shuttle
0%
3282002Erlebnisberg SternrodtSternrodler
0%
3311971Kölner TivoliSuper 8
0%
33209/1979Movie Park GermanySuper Spirale
0%
3372003TobilandTobiachterbahn
0%
3382019Bremer AbenteuerlandTom der Tiger
0%
3412005Fort Fun AbenteuerlandTrapper Slider
0%
3434.10.2009Potts ParkTurbo-Drachen
0%
34603/1983Movie Park GermanyVierer-Bob
0%
34713.5.2016D'Rodelbahn St. EnglmarVoglwuide Sepp
0%
35208/2012Inselsberg FunparkWie-Flyer
0%
353≤ 1975Serengeti-ParkWildcat
0%

Verteilung der Resultate

Perzentil nach korrekt beantworteten Fragen

Anzahl Personen mit jedem Resultat

Ihre Resultats-Entwicklung

Sie haben dieses Quiz noch nicht gespielt